| 000 | 01401nam a2200361 a 4500 | ||
|---|---|---|---|
| 001 | ebr10492653 | ||
| 003 | CaPaEBR | ||
| 006 | m u | ||
| 007 | cr cn||||||||| | ||
| 008 | 921028s1993 ne sb 001 0 eng d | ||
| 010 | _z 92039961 | ||
| 020 | _z1556192266 (alk. paper) | ||
| 020 | _z9027227284 (Eur.) | ||
| 020 | _z9789027227287 | ||
| 020 | _z9789027282439 (e-book) | ||
| 040 |
_aCaPaEBR _cCaPaEBR |
||
| 035 | _a(OCoLC)750183128 | ||
| 050 | 1 | 4 |
_aP151 _b.P32 1993eb |
| 082 | 0 | 4 |
_a415 _220 |
| 245 | 0 | 4 |
_aThe Parametrization of universal grammar _h[electronic resource] / _cedited by Gisbert Fanselow. |
| 260 |
_aAmsterdam ; _aPhiladelphia : _bJohn Benjamins Pub. Co., _c1993. |
||
| 300 | _axvii, 232 p. | ||
| 490 | 1 |
_aLinguistik aktuell, _x0166-0829 ; _vv. 8 |
|
| 504 | _aIncludes bibliographical references and index. | ||
| 533 |
_aElectronic reproduction. _bPalo Alto, Calif. : _cebrary, _d2011. _nAvailable via World Wide Web. _nAccess may be limited to ebrary affiliated libraries. |
||
| 650 | 0 | _aGrammar, Comparative and general. | |
| 650 | 0 | _aPrinciples and parameters (Linguistics) | |
| 655 | 7 |
_aElectronic books. _2local |
|
| 700 | 1 | _aFanselow, Gisbert. | |
| 710 | 2 | _aebrary, Inc. | |
| 830 | 0 |
_aLinguistik aktuell ; _vBd. 8. |
|
| 856 | 4 | 0 |
_uhttp://site.ebrary.com/lib/rucke/Doc?id=10492653 _zAn electronic book accessible through the World Wide Web; click to view |
| 999 |
_c125944 _d125944 |
||